Ends in "-ist" - Statistics

General Stats
  • This quiz has been taken 39 times
  • The average score is 24 of 42
Answer Stats
Hint Answer % Correct
One who treats your teeth when you've had too many treats Dentist
97%
One who does not believe in a god or gods Atheist
90%
Those without clothes. Adam and Eve may have been the first two Nudist
87%
Political Affiliation of Lenin, Stalin, Castro and Mao Communist
80%
Political affiliation of Mussolini, Hitler and Franco Fascist
80%
Five fingers clenched, often in anger Fist
80%
"No, the glass is definitely half full" type personality Optimist
80%
"The glass is half empty" type personality Pessimist
80%
A collection of items or names, written consecutively. Handy to have when grocery shopping List
77%
To aid or to help out Assist
73%
One who writes articles for newspapers or magazines Journalist
70%
Modern term for one who prepares and dispenses medicines today Pharmacist
70%
An expert on rocks and minerals Geologist
67%
One who writes the words to a song for a singer to sing Lyricist
67%
A light fog or perhaps the steam from a hot shower Mist
67%
Profession of Billy Joel, Elton John, Liberace or Jerry Lee Lewis Pianist
67%
Charles Dickens' Oliver, or Chubby Checker's greatest hit Twist
67%
Lower arm joint to which the above is attached Wrist
67%
One who informs you that "You are getting sleepy... sleepy..." Not to be confused with above Hypnotist
63%
One who studies matter and energy, like the guy pictured in this quiz Physicist
63%
This medical expert "puts you to sleep" before an operation Anesthesiologist
60%
Bandmate of above, who helps keep the beat, like Paul McCartney, John Deacon or John Paul Jones Bassist
60%
One who has to have everything "just right" Perfectionist
60%
One who does not believe in any political affiliations Anarchist
57%
An expert in family histories Genealogist
57%
Rock band "front man" (or woman), like Jimi Hendrix, Eric Clapton, or Eddie Van Halen Guitarist
57%
Unlike a General Practitioner, this doctor is an expert in a particular field of medicine Specialist
57%
The singer in a band Vocalist
57%
One who believes in a system of free markets, investments and industry Capitalist
50%
One who studies free markets and other financial phenomena Economist
50%
Sigmund Freud, Carl Jung, Joyce Brothers or Dr. Phil Psychologist
50%
The main point or idea of a speech or text. Get it? Gist
47%
Co-worker of above, who keeps your teeth clean and your gums healthy Hygienist
43%
An advocate or supporter of a cause, often found at marches, protests and demonstrations Activist
40%
Old time "data entry clerk" before computers, perhaps on an Underwood, or Smith Corona Typist
33%
Yo-Yo Ma, Pablo Casals or Yehudi Menuhin Cellist
30%
Grain that is ground into flour, or the type of mill that grinds it Grist
30%
A judge or a lawyer Jurist
27%
One who seeks political change through violence or threats Terrorist
20%
One who wants to break away and form their own group or country Separatist
10%
An old time term for one who prepared and dispensed medicines, (called an "apothecary" in the UK) Druggist
7%
A tightrope walker, or the man on the flying trapeze Aerialist
3%
No matching quizzes found
Score Distribution
Percent of People with Each Score
Percentile by Number Answered
Your Score History
You have not taken this quiz